| 000 | 01495cam a22003614a 4500 | ||
|---|---|---|---|
| 001 | 14636334 | ||
| 003 | ARRUPE | ||
| 005 | 20140328144335.0 | ||
| 008 | 061116s2007 mdu be 001 0 eng | ||
| 010 | _a 2006038367 | ||
| 020 | _a9780810859067 (set : alk. paper) | ||
| 020 | _a0810859068 (set : alk. paper) | ||
| 020 | _a9780810882669 (hbk.) | ||
| 035 | _a(OCoLC)ocm76786720 | ||
| 035 | _a(OCoLC)76786720 | ||
| 040 |
_aDLC _cDLC _dDLC |
||
| 050 | 0 | 0 |
_aREF BX1753 _b.E595 2007 |
| 082 | 0 | 0 |
_a261.8088/282 _222 |
| 100 |
_aCoulter, Michael L. _99627 |
||
| 245 | 0 | 0 |
_aEncyclopedia of Catholic social thought, social science, and social policy / _cedited by Michael L. Coulter ... [et al.]. |
| 260 |
_aLanham, Md. : _bScarecrow Press, _c2007-2012. |
||
| 300 |
_a3 v. (x, 1165, 412 p.) ; _c29 cm. |
||
| 504 | _aIncludes bibliographical references and indexes. | ||
| 505 | 0 | _av. 1. A-J -- v. 2. K-Z -- v.3. Supplement. | |
| 650 | 0 |
_aChristian sociology _xCatholic Church _vEncyclopedias. _99628 |
|
| 700 | 1 |
_aCoulter, Michael L., _d1969- _99629 |
|
| 856 | 4 | 1 |
_3Table of contents only _uhttp://www.loc.gov/catdir/toc/ecip075/2006038367.html |
| 906 |
_a7 _bcbc _corignew _d1 _eecip _f20 _gy-gencatlg |
||
| 942 |
_2lcc _cMONOGRAPH |
||
| 999 |
_c120332 _d120332 |
||